LEADER 00916nam2-22003371i-450- 001 990002016770403321 005 20090514110646.0 035 $a000201677 035 $aFED01000201677 035 $a(Aleph)000201677FED01 035 $a000201677 100 $a20030910d1959----km-y0itay50------ba 101 0 $afre 102 $aCH 105 $aa---m---001yy 200 1 $aPlecoptera$fJacques Aubert 210 $aLausanne$cSocieté Entomologique Suisse$d1959$gImprimerie La Concorde 215 $a139 p.$cill.$d23 cm 225 1 $aInsecta Helvetica$eFauna$v1 320 $aBibliografia: 135-137 461 0$1001000202988 610 0 $aPlecotteri 676 $a595.735 700 1$aAubert,$bJacques F.$086837 801 0$aIT$bUNINA$gRICA$2UNIMARC 901 $aBK 912 $a990002016770403321 952 $a61 IV E.1B/03$b2262$fDAGEN 959 $aDAGEN 996 $aPlecoptera$9405702 997 $aUNINA LEADER 00861nam0-2200313 --450 001 9910839696503321 005 20240322100746.0 010 $a88-245-0529-5 020 $aIT$b97-4076 100 $a20240322d1996----kmuy0itay5050 ba 101 0 $aita 102 $aIT 105 $a 001yy 200 1 $aEtica$euna introduzione alla filosofia morale$fWilliam K. Frankena$gintroduzione di Maurizio Mori 210 $aSegrate$cEdizioni di Comunità$d1996 215 $a238 p.$d22 cm 225 1 $aPaperbacks 300 $aTrad. di M. Mori 610 0 $aMorale 676 $a170$v19 676 $a170.42$v20 700 1$aFrankena,$bWilliam K.$0218262 801 0$aIT$bUNINA$gREICAT$2UNIMARC 901 $aBK 912 $a9910839696503321 952 $aDAM A70 FRAW 01$b2024/4149$fFLFBC 959 $aFLFBC 996 $aEtica$94145465 997 $aUNINA